RFID implementation

This is the only book available to offer in-depth, practical details for implementing an RFID project from start to finish. From Wal-Mart and beyond, RFID (Radio Frequency Identification) is in use everywhere--enabling superior supply-chain management by tracking inventory via microchip-tagged produ...

Descripción completa

Guardado en:
Detalles Bibliográficos
Autor principal: Brown, Dennis E.
Formato: Libro
Lenguaje:Undetermined
Publicado: New York McGraw-Hill 2007
Materias:
Etiquetas: Agregar Etiqueta
Sin Etiquetas, Sea el primero en etiquetar este registro!
Thư viện lưu trữ: Trung tâm Học liệu Trường Đại học Cần Thơ
LEADER 01041nam a2200205Ia 4500
001 CTU_138292
008 210402s9999 xx 000 0 und d
020 |c 47.96 
082 |a 658.787 
082 |b B877 
100 |a Brown, Dennis E. 
245 0 |a RFID implementation 
245 0 |c Dennis E. Brown 
260 |a New York 
260 |b McGraw-Hill 
260 |c 2007 
520 |a This is the only book available to offer in-depth, practical details for implementing an RFID project from start to finish. From Wal-Mart and beyond, RFID (Radio Frequency Identification) is in use everywhere--enabling superior supply-chain management by tracking inventory via microchip-tagged products. RFID Implementation delivers step-by-step instructions for initiating, installing, and managing an RFID rollout 
650 |a Radio frequency identification systems,Inventory control,Hệ thống nhận dạng tần số Radio 
904 |i Nguyễn Thị Kiều Đượm 
980 |a Trung tâm Học liệu Trường Đại học Cần Thơ